Hydrographic data collected aboard RV Nathaniel B. Palmer, March-May 1993 : research conducted as part of the Palmer Long-term Ecological Research Program /
| Corporate Authors: | , , |
|---|---|
| Other Authors: | |
| Format: | Book |
| Language: | English |
| Published: |
Norfolk, Va. :
Center for Coastal Physical Oceanography,
[1993]
|
| Series: | LTER contribution ;
no. 30. CCPO technical report ; no. 93-04. SIO reference ; no. 93-43. |
| Subjects: |
MARC
| Tag | First Indicator | Second Indicator | Subfields |
|---|---|---|---|
| LEADER | 00000cam a2200000Ia 4500 | ||
| 001 | in00002002121 | ||
| 005 | 20151031132051.0 | ||
| 008 | 940209s1993 vau b 000 0 eng d | ||
| 035 | |a (OCoLC)ocm29771966 | ||
| 040 | |a VOD |c VOD |d TXA |d UtOrBLW | ||
| 049 | |a TXAM | ||
| 090 | |a GC1 |b .C37 no.93-43 | ||
| 245 | 0 | 0 | |a Hydrographic data collected aboard RV Nathaniel B. Palmer, March-May 1993 : |b research conducted as part of the Palmer Long-term Ecological Research Program / |c D.A Smith [and others]. |
| 264 | 1 | |a Norfolk, Va. : |b Center for Coastal Physical Oceanography, |c [1993] | |
| 300 | |a ii, 215 pages ; |c 28 cm. | ||
| 336 | |a text |b txt |2 rdacontent | ||
| 337 | |a unmediated |b n |2 rdamedia | ||
| 338 | |a volume |b nc |2 rdacarrier | ||
| 490 | 1 | |a LTER contribution ; |v no. 30 | |
| 490 | 1 | |a CCPO technical report ; |v no. 93-04 | |
| 490 | 1 | |a SIO reference series ; |v no. 93-43 | |
| 500 | |a "December 1993." | ||
| 504 | |a Includes bibliographical references. | ||
| 500 | |a "Sponsored by Office of Polar Programs, National Science Foundation." | ||
| 500 | |a "Palmer LTER U.S. Antartic Research Program"--Cover. | ||
| 650 | 0 | |a Hydrographic surveying |z Antarctica. | |
| 710 | 2 | |a Palmer Long-Term Ecological Research Program. | |
| 710 | 2 | |a Old Dominion University. |b Center for Coastal Physical Oceanography. | |
| 710 | 2 | |a Texas A & M University. |b Department of Oceanography. | |
| 700 | 1 | |a Smith, D. A. | |
| 830 | 0 | |a LTER contribution ; |v no. 30. | |
| 830 | 0 | |a CCPO technical report ; |v no. 93-04. | |
| 830 | 0 | |a SIO reference ; |v no. 93-43. | |
| 948 | |a cataloged |b h |c 2004/11/9 |d c |e jgreene |f 3:34:04 pm | ||
| 994 | |a E0 |b TXA | ||
| 999 | |a MARS | ||
| 999 | f | f | |s 33f68c0c-a77f-386b-b1bb-e03dffef2236 |i ce2086a5-02c4-3d6d-a26e-1e557c5d5832 |t 0 |
| 952 | f | f | |p ric |a Texas A&M University |b Rellis Campus |c Joint Library Facility |d Remote Storage |t 0 |e GC1 .C37 no.93-43 |h Library of Congress classification |i unmediated -- volume |m A14831609070 |
| 998 | f | f | |a GC1 .C37 no.93-43 |t 0 |l Remote Storage |